ՀՀ Գիտությունների ազգային ակադեմիայի հիմնարար գիտական գրադարան  =   Fundamental Scientific Library of NAS RA

Պատմվածքներ / (Record no. 87701)

MARC details
000 -LEADER
fixed length control field 01045nam a2200205 a 4500
001 - CONTROL NUMBER
control field 000245901
003 - CONTROL NUMBER IDENTIFIER
control field AM-YeHGA
005 - DATE AND TIME OF LATEST TRANSACTION
control field 20250618071644.0
008 - FIXED-LENGTH DATA ELEMENTS--GENERAL INFORMATION
fixed length control field 030711s1959 ai 000 | arm d
040 ## - CATALOGING SOURCE
Original cataloging agency AM-YeHGA
090 ## - LOCALLY ASSIGNED LC-TYPE CALL NUMBER (OCLC); LOCAL CALL NUMBER (RLIN)
-- 88986
245 10 - TITLE STATEMENT
Title Պատմվածքներ /
Statement of responsibility, etc. Ի.Ա. Բունին; Թարգմ.՝ Հ. Մազմանյան; Առաջաբ.՝ Լ. Նիկուլին; Խմբ.՝ Խ. Հրաչյան; Նկ.՝ Ա. Խուդավերդյան.
260 ## - PUBLICATION, DISTRIBUTION, ETC.
Place of publication, distribution, etc. Երևան :
Name of publisher, distributor, etc. Հայպետհրատ,
Date of publication, distribution, etc. 1959.
300 ## - PHYSICAL DESCRIPTION
Extent 332 էջ ;
Dimensions 21 սմ.
505 0# - FORMATTED CONTENTS NOTE
Formatted contents note Բովանդ.՝ Անտոնովյան խնձորներ; Վերջին տեսակցությունը; Իշխան է որ կա; Հոգսը; Վերջին օրը ...
650 14 - SUBJECT ADDED ENTRY--TOPICAL TERM
Topical term or geographic name entry element Ռուս գրականություն
General subdivision Պատմվածք
9 (RLIN) 4645
700 1# - ADDED ENTRY--PERSONAL NAME
Personal name Մազմանյան, Համբարձում Գալուստի,
Dates associated with a name 1892-1967
Relator term թարգմ.
Relationship trl
9 (RLIN) 2665
700 1# - ADDED ENTRY--PERSONAL NAME
Personal name Հրաչյան, Խաչիկ Թադևոսի,
Dates associated with a name 1912-1989
Relator term խմբ.
Relationship edt
9 (RLIN) 1925
700 1# - ADDED ENTRY--PERSONAL NAME
Personal name Խուդավերդյան, Ա.
Relator term նկ.
Relationship art
9 (RLIN) 8581
Holdings
Withdrawn status Lost status Damaged status Not for loan Collection Home library Current library Date acquired Total checkouts Full call number Barcode Date last seen Cost, replacement price Price effective from Koha item type Public note
        General Fundamental Scientific Library Fundamental Scientific Library 22/12/2016   AII/1485 FL0029303 22/12/2016 5.00 22/12/2016 Գրքեր / Books 30 Days Loan
        General Fundamental Scientific Library Fundamental Scientific Library 22/12/2016   AII/1486 FL0029310 22/12/2016 5.00 22/12/2016 Գրքեր / Books 30 Days Loan
        General Fundamental Scientific Library Fundamental Scientific Library 22/12/2016   AII/1487 FL0029311 22/12/2016 5.00 22/12/2016 Գրքեր / Books 30 Days Loan


ՀՀ ԳԱԱ հիմնարար գիտական գրադարան
ՀՀ,Երևան 0019
Մարշալ Բաղրամյան 24/6
հեռախոս:(374-10) 52-47-50
Հետադարձ կապ

All site content, except where otherwise noted, is licensed under a
Creative Commons License